| 000 | 00648cam a22002292 4500 | ||
|---|---|---|---|
| 001 | 0000024849 | ||
| 005 | 20151217145949.0 | ||
| 008 | 140319s xx 000 0 eng d | ||
| 020 | _a0273752776: | ||
| 040 |
_aKABU _cKABU |
||
| 050 | 0 |
_aHD31 _b.R63 2013 |
|
| 100 | 1 |
_aRobbins, Stephen P. _@0000150759 |
|
| 245 | 1 | 0 |
_aManagement / _cby Stephen P. Robbins and Mary Coulter. |
| 250 | _a11th ed. | ||
| 260 |
_aEngland : _bPearson, _c2013. |
||
| 300 | _a671 p. | ||
| 650 | 0 |
_aManagement. _@0000083920 |
|
| 700 | 1 |
_aCoulter, Mary. _@0000157046 |
|
| 852 | 1 | _9p3950 KES | |
| 908 | _a140319 | ||
| 950 | _@1 | ||
| 999 |
_c4560 _d4560 |
||